| 000 | 00903nam a22002297a 4500 | ||
|---|---|---|---|
| 999 |
_c8950 _d8950 |
||
| 003 | AR-CdUCM | ||
| 008 | 190327b ||||| |||| 00| 0 spa d | ||
| 020 | _a978-612-00-0912-3 | ||
| 040 |
_aMUNICIPALIDAD PROVINCIAL DEL CUSCO _cBIBLIOTECA MUNICIPAL DEL CUSCO |
||
| 082 |
_a621.38207 / _bP71 |
||
| 100 |
_aPoccori Umeres, Godofredo _924842 |
||
| 245 | _aConceptos fundamentales de redes de comunicación de datos / | ||
| 260 |
_aCusco : _bDavid G. Quevedo Velasco, _c2012. |
||
| 300 |
_a179 páginas ; _bIlustraciones, diagramas, _c21 cm. |
||
| 505 | _aContenido : Antecedentes y concepto de red -- Componentes básicos de las redes -- Clasificación de las redes -- topologías -- Protocolos y estándares de redes... | ||
| 650 |
_aRedes _924843 |
||
| 650 |
_aComunicación _94985 |
||
| 650 |
_aDatos _924844 |
||
| 700 |
_aDavid Quevedo Velasco _924845 |
||
| 942 |
_2ddc _cLIBROS |
||
| 945 | _admma | ||